HBO Themes Reversed Quiz Stats

 Plays Quiz not verified by Sporcle

Score 0/20 Timer 05:00
0 Plays Today
Time Show % Correct
1:20The Sopranos
81.8%
1:30True Blood
79.2%
2:20Curb Your Enthusiasm
74%
2:40Game of Thrones
71.4%
0:10Sex and the City
70.1%
0:30Deadwood
70.1%
1:50Entourage
70.1%
0:20The Wire
62.3%
0:40Six Feet Under
59.7%
2:00Boardwalk Empire
58.4%
Time Show % Correct
0:00Big Love
53.2%
1:00Band of Brothers
46.8%
1:10Carnivale
44.2%
2:30Oz
42.9%
1:40The Pacific
40.3%
3:00Treme
40.3%
3:10Rome
36.4%
0:50Luck
24.7%
2:10Eastbound & Down
24.7%
2:50Real Time with Bill Maher
19.5%

You're not logged in!

Compare scores with friends on all Sporcle quizzes.
Join for Free
OR
Log In

You Might Also Like...

Show Comments

Extras

Top Quizzes Today


Score Distribution

Your Account Isn't Verified!

In order to create a playlist on Sporcle, you need to verify the email address you used during registration. Go to your Sporcle Settings to finish the process.

Report this User

Report this user for behavior that violates our Community Guidelines.

Details: